[Event "World Rapid Team 2023"]
[Site "Dusseldorf GER"]
[Date "2023.08.27"]
[Round "6.6"]
[Board "4"]
[White "Rafiee, Makan"]
[Black "Tari, Aryan"]
[Result "0-1"]
[WhiteTitle "FM"]
[BlackTitle "GM"]
[WhiteElo "2279"]
[BlackElo "2629"]
[WhiteTeam "Team Chessemy.com"]
[BlackTeam "Chessbrah OFM"]
[WhiteFideId "24609340"]
[BlackFideId "1510045"]
[EventDate "2023.08.26"]

1. e4 e5 2. Nf3 Nc6 3. Bb5 Nge7 4. c3 d5 5. Nxe5 dxe4 6. d4 exd3 7. Qxd3 Qxd3 8.
Nxd3 a6 9. Ba4 Bf5 10. Nf4 O-O-O 11. O-O Ne5 12. Rd1 Rxd1+ 13. Bxd1 N7g6 14.
Nxg6 hxg6 15. Nd2 Nd3 16. Nf1 Bc5 17. Be3 Bxe3 18. Nxe3 Nxb2 19. Bb3 Be6 20.
Bxe6+ fxe6 21. Ng4 Rd8 22. Ne5 g5 23. Nf3 g4 24. Ng5 e5 25. Ne6 Rd1+ 26. Rxd1
Nxd1 27. Nxg7 Nxc3 28. h4 gxh3 29. gxh3 Nxa2 30. h4 Kd7 31. h5 Ke7 32. h6 Kf7
33. Ne8 Kg6 34. Nxc7 Kxh6 35. Kg2 Kg6 36. Kf3 Kf5 37. Ke3 Nb4 38. Ne8 b5 39. Nc7
e4 40. Kd4 Nc6+ 41. Kc5 Nb8 42. Kd4 b4 43. Nd5 a5 44. Ne3+ Kf4 45. Nc4 a4 46.
Nb6 Nc6+ 47. Kc5 a3 48. Kc4 0-1

[Event "World Rapid Team 2023"]
[Site "Dusseldorf GER"]
[Date "2023.08.27"]
[Round "6.6"]
[Board "5"]
[White "Khademalsharieh, Sarasadat"]
[Black "Lubbe, Melanie"]
[Result "1/2-1/2"]
[WhiteTitle "IM"]
[BlackTitle "WGM"]
[WhiteElo "2488"]
[BlackElo "2256"]
[WhiteTeam "Chessbrah OFM"]
[BlackTeam "Team Chessemy.com"]
[WhiteFideId "12512214"]
[BlackFideId "4690745"]
[EventDate "2023.08.26"]

1. d4 Nf6 2. c4 g6 3. g3 Bg7 4. Bg2 d6 5. Nf3 O-O 6. O-O c6 7. Nc3 Qb6 8. Re1
Qa6 9. b3 b5 10. cxb5 cxb5 11. Qd3 b4 12. Nh4 bxc3 13. Bxa8 d5 14. Bg5 Be6 15.
Rec1 Qb6 16. Rxc3 Ne4 17. Bxe7 Bxd4 18. Bxf8 Bxc3 19. Rf1 Kxf8 20. Bxd5 Nxf2 21.
Rxf2 Bd4 22. Bxe6 Bxf2+ 23. Kg2 Be1 24. Bc4 Qf2+ 25. Kh3 Qf1+ 26. Ng2 Nc6 27.
Qd6+ Kg7 28. Qf4 Qxf4 29. gxf4 Bd2 30. Kg3 Nd4 31. e3 Nf5+ 32. Kf3 Nd6 33. Bd3
f5 34. Ke2 Bc3 35. Nh4 Kf6 36. Nf3 h6 37. h4 Nf7 38. Bc4 Nd6 39. Kd3 Bb2 40. Bd5
Bc1 41. a4 Ba3 42. Ne5 g5 43. hxg5+ hxg5 44. Nc6 gxf4 45. exf4 Bc1 46. Nxa7 Bxf4
47. b4 Ke5 48. Bf3 Bg5 49. b5 Ne4 50. Nc6+ Kd5 51. Nd4 Kc5 52. Bxe4 fxe4+ 53.
Kxe4 Bf6 54. Nc6 Bc3 55. Kd3 Be1 56. Kc2 Kb6 57. Kb3 Kc5 58. Ne5 Ba5 59. Nd3+
Kd4 60. Nf4 Kc5 61. Nd3+ Kd4 62. Nb2 Kc5 63. Nc4 Bd8 64. Ne5 Ba5 65. Nc6 Be1 66.
Kc2 Kb6 67. Kd3 Kc5 68. Ke3 Bc3 69. Ke4 Be1 70. Kd3 Bg3 71. Ke4 Be1 72. Kf5 Bc3
73. Ke6 Be1 74. Ne5 Ba5 75. Nc6 Be1 76. Ne5 Ba5 77. Nc6 Be1 78. Kd7 Bg3 79. Kc8
Kb6 80. Kd7 Kc5 81. Ke6 Be1 82. Na7 Ba5 83. Nc8 Kb4 84. Kd5 Kxa4 85. Kc5 Be1 86.
Nb6+ Kb3 87. Kc6 Bf2 88. Nd7 Kb4 89. Ne5 Bg1 90. Nf3 Bf2 91. Ng5 Bg1 92. Nf3 Bf2
93. Nd2 Bg1 94. Ne4 Be3 95. Nf6 Bg1 1/2-1/2

[Event "World Rapid Team 2023"]
[Site "Dusseldorf GER"]
[Date "2023.08.27"]
[Round "6.7"]
[Board "1"]
[White "Orlov, Andrey"]
[Black "Baklan, Vladimir"]
[Result "1/2-1/2"]
[WhiteTitle "GM"]
[BlackTitle "GM"]
[WhiteElo "2503"]
[BlackElo "2550"]
[WhiteTeam "Duesseldorfer Schachklub 1914/25 e.V."]
[BlackTeam "Ukrainian Amators"]
[WhiteFideId "4125282"]
[BlackFideId "14102196"]
[EventDate "2023.08.26"]

1. e4 c5 2. Nf3 Nc6 3. Bb5 g6 4. O-O Bg7 5. Bxc6 dxc6 6. d3 Nh6 7. Nc3 b6 8. Re1
O-O 9. h3 f6 10. a4 a5 11. Bxh6 Bxh6 12. e5 Ra7 13. Qe2 Kh8 14. Rad1 Rd7 15. Qe4
Bb7 16. Qh4 Bg7 17. d4 cxd4 18. Nxd4 Qc8 19. Qg4 f5 20. Qe2 c5 21. Nf3 Rxd1 22.
Rxd1 Bxf3 23. gxf3 Qe6 24. f4 g5 25. fxg5 f4 26. Qg4 Qxe5 27. Kf1 f3 28. Rd3 Rf4
29. Qc8+ Bf8 30. Rd5 Qg7 31. Qe6 h6 1/2-1/2

[Event "World Rapid Team 2023"]
[Site "Dusseldorf GER"]
[Date "2023.08.27"]
[Round "6.7"]
[Board "2"]
[White "Zavgorodniy, Sergiy"]
[Black "Berelowitsch, Alexander"]
[Result "0-1"]
[WhiteTitle "IM"]
[BlackTitle "GM"]
[WhiteElo "2416"]
[BlackElo "2492"]
[WhiteTeam "Ukrainian Amators"]
[BlackTeam "Duesseldorfer Schachklub 1914/25 e.V."]
[WhiteFideId "14110148"]
[BlackFideId "14101440"]
[EventDate "2023.08.26"]

1. e4 e6 2. d3 d5 3. Qe2 Nc6 4. Nf3 e5 5. g3 Bg4 6. c3 Nf6 7. Bg2 Be7 8. O-O O-O
9. h3 Bh5 10. g4 Bg6 11. Nh4 dxe4 12. Nxg6 hxg6 13. Bxe4 Nxe4 14. dxe4 Bg5 15.
Be3 Bxe3 16. fxe3 Qh4 17. Kg2 Nd8 18. Nd2 Ne6 19. Nf3 Qe7 20. Rad1 c6 21. Qc4
Rad8 22. Nxe5 Rxd1 23. Rxd1 Qg5 24. Nxf7 Kxf7 25. Rd7+ Kf6 26. Qf1+ Ke5 27. Qe1
Kxe4 28. Rd6 Qf6 29. Qe2 Ke5 30. Rd1 Ng5 0-1

[Event "World Rapid Team 2023"]
[Site "Dusseldorf GER"]
[Date "2023.08.27"]
[Round "6.7"]
[Board "3"]
[White "Levin, Felix"]
[Black "Gaponenko, Inna"]
[Result "1/2-1/2"]
[WhiteTitle "GM"]
[BlackTitle "IM"]
[WhiteElo "2459"]
[BlackElo "2336"]
[WhiteTeam "Duesseldorfer Schachklub 1914/25 e.V."]
[BlackTeam "Ukrainian Amators"]
[WhiteFideId "4650905"]
[BlackFideId "14101181"]
[EventDate "2023.08.26"]

1. d4 d5 2. Bf4 c5 3. e3 Nc6 4. c3 Qb6 5. Qb3 c4 6. Qc2 Bf5 7. Qxf5 Qxb2 8. Qxd5
Qxa1 9. Qb5 O-O-O 10. Bxc4 e5 11. Ne2 exf4 12. O-O Nf6 13. Nd2 Qxf1+ 14. Nxf1
fxe3 15. Nxe3 Rd7 16. Qa4 g6 17. Bb5 Rc7 18. d5 Nb8 19. Qxa7 Bc5 20. Qa4 Rd8 21.
c4 Re7 22. Qd1 Ne4 23. Nd4 Nd7 24. g3 Nc3 25. Bxd7+ Rdxd7 26. Qd3 Bxd4 27. Nc2
Bg7 28. d6 Re6 29. c5 Ne4 30. Qc4 Kd8 31. Ne3 Nxd6 32. cxd6 Rexd6 33. Qh4+ Bf6
34. Qxh7 Rd2 35. Qg8+ Ke7 36. Qa8 Bd4 37. Qa3+ 1/2-1/2

[Event "World Rapid Team 2023"]
[Site "Dusseldorf GER"]
[Date "2023.08.27"]
[Round "6.7"]
[Board "4"]
[White "Grineva, Marianna"]
[Black "Meins, Gerlef"]
[Result "0-1"]
[WhiteTitle "WFM"]
[BlackTitle "IM"]
[WhiteElo "2033"]
[BlackElo "2412"]
[WhiteTeam "Ukrainian Amators"]
[BlackTeam "Duesseldorfer Schachklub 1914/25 e.V."]
[WhiteFideId "14102013"]
[BlackFideId "4620895"]
[EventDate "2023.08.26"]

1. e4 c5 2. Nf3 Nc6 3. d4 cxd4 4. Nxd4 Nf6 5. Nc3 d6 6. Be2 e5 7. Nb3 Be7 8. Be3
O-O 9. O-O Be6 10. Qd2 d5 11. exd5 Nxd5 12. Nxd5 Qxd5 13. Rad1 Qxd2 14. Rxd2
Rfd8 15. Rfd1 Rxd2 16. Rxd2 b6 17. Bf3 Rc8 18. c3 f5 19. Bd5 Kf7 20. f3 Bxd5 21.
Rxd5 Ke6 22. Rd1 h5 23. g3 g5 24. Kg2 g4 25. f4 e4 26. Kf2 h4 27. Nd4+ Nxd4 28.
Bxd4 a6 29. a4 Bc5 30. Ke3 hxg3 31. hxg3 Rh8 32. Bxc5 bxc5 33. b4 cxb4 34. cxb4
Rh3 35. Kd4 Rxg3 36. Kc5 Rd3 37. Rh1 Rh3 38. Rd1 Rc3+ 39. Kb6 Rc4 40. Ka5 e3 41.
Re1 Re4 42. b5 axb5 43. axb5 Kd5 44. b6 Re8 45. Ka6 Ke4 46. Ka7 Kxf4 47. b7 Kf3
48. Rf1+ Ke4 49. Rc1 e2 50. Ka6 Rb8 51. Rc8 Rxb7 52. Kxb7 Kf3 53. Re8 f4 0-1

[Event "World Rapid Team 2023"]
[Site "Dusseldorf GER"]
[Date "2023.08.27"]
[Round "6.7"]
[Board "5"]
[White "Zatonskih, Anna"]
[Black "Breest, Axel"]
[Result "1-0"]
[WhiteTitle "IM"]
[WhiteElo "2364"]
[BlackElo "1979"]
[WhiteTeam "Duesseldorfer Schachklub 1914/25 e.V."]
[BlackTeam "Ukrainian Amators"]
[WhiteFideId "14101572"]
[BlackFideId "24682349"]
[EventDate "2023.08.26"]

1. d4 Nf6 2. c4 c5 3. d5 b5 4. cxb5 e6 5. Nc3 exd5 6. Nxd5 Bb7 7. e4 a6 8. a4
Be7 9. Bf4 Nxd5 10. exd5 axb5 11. Bxb5 Na6 12. Ne2 O-O 13. O-O Bf6 14. Qd2 Nb4
15. Bc4 Re8 16. Nc3 Ra6 17. Bxa6 Bxa6 18. Nb5 Bxb5 19. axb5 Qb6 20. Rfe1 Rd8 21.
Be5 Bxe5 22. Rxe5 Qxb5 23. d6 Nc6 24. Rd5 Re8 25. h3 h6 26. Qc2 g6 27. Rxc5 Qb4
28. Qc3 Qf4 29. Rd1 Re2 30. Qf3 Qxf3 31. gxf3 Rxb2 32. Rxc6 1-0

[Event "World Rapid Team 2023"]
[Site "Dusseldorf GER"]
[Date "2023.08.27"]
[Round "6.7"]
[Board "6"]
[White "Vibhor Sharma"]
[Black "Rudolph, Eva"]
[Result "0-1"]
[WhiteElo "1853"]
[BlackElo "1793"]
[WhiteTeam "Ukrainian Amators"]
[BlackTeam "Duesseldorfer Schachklub 1914/25 e.V."]
[WhiteFideId "5099366"]
[BlackFideId "16200594"]
[EventDate "2023.08.26"]

1. e4 c5 2. Nc3 Nc6 3. d3 g6 4. Be3 d6 5. g3 Bg7 6. Qd2 a6 7. Bg2 Qc7 8. a4 Nf6
9. Bh6 O-O 10. h4 Nd4 11. Rc1 Bxh6 12. Qxh6 Ng4 13. Qd2 h5 14. Nd5 Qd8 15. f3
Ne5 16. g4 hxg4 17. h5 gxf3 18. Bh3 e6 19. Ne3 g5 20. Ng4 Nxg4 21. Bxg4 Qf6 22.
Kf2 Kh7 23. Rh3 e5 24. Bxc8 Raxc8 25. Rg3 Rg8 26. Qe3 g4 27. c3 Ne6 28. Rf1 Qf4
29. Qe1 Kh6 30. Qe3 Kh7 31. Qe1 c4 32. Qe3 cxd3 33. Qxd3 Nc5 34. Ke1 Nxd3+ 0-1

[Event "World Rapid Team 2023"]
[Site "Dusseldorf GER"]
[Date "2023.08.27"]
[Round "6.8"]
[Board "1"]
[White "Yelisieiev, Yevhenii"]
[Black "Volokitin, Andrei"]
[Result "1/2-1/2"]
[WhiteTitle "IM"]
[BlackTitle "GM"]
[WhiteElo "2401"]
[BlackElo "2661"]
[WhiteTeam "Deutsche Schachjugend 1"]
[BlackTeam "Ashdod Elit Chess Club"]
[WhiteFideId "14139642"]
[BlackFideId "14107090"]
[EventDate "2023.08.26"]

1. d4 Nf6 2. Nf3 d5 3. c4 e6 4. Nc3 Bb4 5. Bg5 h6 6. Bxf6 Qxf6 7. Rc1 O-O 8. e3
dxc4 9. Bxc4 c5 10. O-O cxd4 11. Nxd4 Bd7 12. Qb3 Nc6 13. Nxc6 Bxc3 14. Qxb7
Bxc6 15. Qxc6 Bxb2 16. Rc2 1/2-1/2

[Event "World Rapid Team 2023"]
[Site "Dusseldorf GER"]
[Date "2023.08.27"]
[Round "6.8"]
[Board "2"]
[White "Smirin, Ilia"]
[Black "Colbow, Collin"]
[Result "1-0"]
[WhiteTitle "GM"]
[BlackTitle "FM"]
[WhiteElo "2574"]
[BlackElo "2409"]
[WhiteTeam "Ashdod Elit Chess Club"]
[BlackTeam "Deutsche Schachjugend 1"]
[WhiteFideId "2801990"]
[BlackFideId "16201132"]
[EventDate "2023.08.26"]

1. e4 c5 2. Nf3 e6 3. d4 cxd4 4. Nxd4 Nc6 5. Nc3 Qc7 6. f4 a6 7. Be3 b5 8. Bd3
Nxd4 9. Bxd4 Qxf4 10. Rf1 Qd6 11. Qf3 Qxd4 12. Qxf7+ Kd8 13. Qxf8+ Kc7 14. Qf4+
Kb6 15. O-O-O Qc5 16. e5 Ne7 17. Be4 Rb8 18. Rd6+ Kc7 19. Rfd1 Rd8 20. Qg5 b4
21. Qxe7 Qe3+ 22. Kb1 bxc3 23. Rc6+ Kb7 24. Qb4+ Ka7 25. Rc7+ Bb7 26. Rxb7+ Rxb7
27. Qxb7# 1-0

[Event "World Rapid Team 2023"]
[Site "Dusseldorf GER"]
[Date "2023.08.27"]
[Round "6.8"]
[Board "3"]
[White "Sidletskyi, Ivan"]
[Black "Alekseev, Evgeny"]
[Result "0-1"]
[WhiteTitle "CM"]
[BlackTitle "GM"]
[WhiteElo "2354"]
[BlackElo "2573"]
[WhiteTeam "Deutsche Schachjugend 1"]
[BlackTeam "Ashdod Elit Chess Club"]
[WhiteFideId "14156024"]
[BlackFideId "4138147"]
[EventDate "2023.08.26"]

1. e4 e5 2. Nf3 Nc6 3. Bc4 Bc5 4. c3 Nf6 5. d4 exd4 6. e5 d5 7. Bb5 Ne4 8. cxd4
Bb6 9. Nc3 O-O 10. Be3 Nxc3 11. bxc3 f6 12. exf6 Qxf6 13. O-O Bg4 14. Be2 Rae8
15. Re1 h6 16. h3 Bh5 17. Qb3 Qd6 18. a4 a6 19. Nd2 Na5 20. Qb4 Bxe2 21. Qxd6
cxd6 22. Rxe2 Rc8 23. Rb1 Bd8 24. Nb3 Nc4 25. Bc1 Nb6 26. Ba3 Nxa4 27. Bxd6 Nxc3
28. Rc2 Nxb1 29. Rxc8 Be7 30. Rxf8+ Kxf8 31. Bxe7+ Kxe7 32. Nc5 a5 33. Nxb7 a4
34. Nc5 a3 35. Nb3 a2 36. Na1 Nc3 37. Kf1 Nb5 38. Ke2 Nxd4+ 39. Kd3 Ne6 40. g3
Ng5 41. h4 Ne4 42. Ke3 h5 43. Kf4 Nxf2 0-1

[Event "World Rapid Team 2023"]
[Site "Dusseldorf GER"]
[Date "2023.08.27"]
[Round "6.8"]
[Board "4"]
[White "Galperin, Platon"]
[Black "Gloeckler, Christian"]
[Result "1-0"]
[WhiteTitle "GM"]
[BlackTitle "FM"]
[WhiteElo "2566"]
[BlackElo "2318"]
[WhiteTeam "Ashdod Elit Chess Club"]
[BlackTeam "Deutsche Schachjugend 1"]
[WhiteFideId "14165414"]
[BlackFideId "34608966"]
[EventDate "2023.08.26"]

1. d4 Nf6 2. Nf3 d5 3. c3 c5 4. dxc5 Nc6 5. Bf4 e6 6. b4 a5 7. Nd4 Ne4 8. f3 Qf6
9. Be3 axb4 10. fxe4 Bxc5 11. exd5 exd5 12. Nd2 bxc3 13. N2b3 Bb6 14. g3 Bg4 15.
Bg2 O-O 16. Bf2 c2 17. Qd2 Rfe8 18. O-O Nxd4 19. Bxd4 Bxd4+ 20. Nxd4 Qb6 21. e3
Qb2 22. Bxd5 Bh5 23. Qxc2 Qa3 24. Bb3 Bg6 25. Qf2 Qe7 26. Rae1 Kh8 27. Qf4 f6
28. Rf2 Qb4 29. Rc1 Re4 30. Qf3 Rae8 31. Nf5 R4e5 32. Nxg7 Rf8 33. Ne6 Rxe6 34.
Bxe6 Qa3 35. Rcf1 f5 36. Qf4 Qe7 37. Qd4+ Rf6 38. Rxf5 Bxf5 39. Rxf5 Kg7 40.
Qxf6+ Qxf6 41. Rxf6 Kxf6 42. Bc4 1-0

[Event "World Rapid Team 2023"]
[Site "Dusseldorf GER"]
[Date "2023.08.27"]
[Round "6.8"]
[Board "5"]
[White "Groeschel, Karoline"]
[Black "Muzychuk, Mariya"]
[Result "0-1"]
[BlackTitle "GM"]
[WhiteElo "1934"]
[BlackElo "2511"]
[WhiteTeam "Deutsche Schachjugend 1"]
[BlackTeam "Ashdod Elit Chess Club"]
[WhiteFideId "34610537"]
[BlackFideId "14114550"]
[EventDate "2023.08.26"]

1. e4 e5 2. Nf3 Nc6 3. Bb5 a6 4. Ba4 Nf6 5. O-O Nxe4 6. d4 b5 7. Bb3 d5 8. dxe5
Be6 9. c3 Be7 10. Nbd2 Nc5 11. Bc2 d4 12. cxd4 Nxd4 13. Nxd4 Qxd4 14. Nf3 Qxd1
15. Rxd1 O-O 16. Ng5 h6 17. Nxe6 Nxe6 18. Be3 Rad8 19. f4 c5 20. f5 Nd4 21. Be4
Bg5 22. Bxg5 hxg5 23. Re1 Rfe8 24. Bb1 Rd5 25. e6 fxe6 26. fxe6 Rxe6 27. Rxe6
Nxe6 28. Be4 Rd2 29. b3 Nf4 30. a4 Rd4 31. Bf3 bxa4 32. bxa4 c4 33. Rc1 Kf7 34.
Rc3 Ke6 35. Kf2 Nd5 36. Rc2 a5 37. g3 g4 38. Bxd5+ Kxd5 39. Ke3 Re4+ 40. Kd2 Kd4
41. Rc1 Re3 42. Rf1 Rf3 43. Re1 Rf2+ 44. Kd1 Kd3 45. Kc1 Rxh2 46. Re8 Rh1+ 47.
Kb2 c3+ 48. Kb3 Rb1+ 49. Ka2 c2 50. Rd8+ Ke4 51. Re8+ Kf3 52. Rd8 Rd1 53. Rc8
c1=Q 54. Rc3+ Kg2 0-1

[Event "World Rapid Team 2023"]
[Site "Dusseldorf GER"]
[Date "2023.08.27"]
[Round "6.8"]
[Board "6"]
[White "Blonder, Daniel"]
[Black "Andrade, Ruben"]
[Result "1-0"]
[WhiteElo "1824"]
[BlackElo "1797"]
[WhiteTeam "Ashdod Elit Chess Club"]
[BlackTeam "Deutsche Schachjugend 1"]
[WhiteFideId "2841754"]
[BlackFideId "16246829"]
[EventDate "2023.08.26"]

1. e4 e5 2. Nf3 Nc6 3. Nc3 Nf6 4. Bb5 Bc5 5. Bxc6 dxc6 6. d3 h6 7. Be3 Bxe3 8.
fxe3 Qe7 9. O-O Bg4 10. h3 Bh5 11. Ne2 g5 12. Ng3 Bg6 13. Nh2 O-O-O 14. Qf3 Nh7
15. Nf5 Qf8 16. Ng4 Qc5 17. d4 exd4 18. exd4 Qxc2 19. Rac1 Qa4 20. b3 Qb5 21. a4
Qb6 22. Ne5 Kb8 23. Rc5 Bxf5 24. Qxf5 Rxd4 25. a5 Qxb3 26. Qf2 Rxe4 27. Nxf7 Rf4
28. Nxh8 Rxf2 29. Rxf2 Qe3 30. Rf5 a6 31. Nf7 Qe1+ 32. Kh2 Qb4 33. Ne5 g4 34.
Nxg4 Ng5 35. Ne5 Ka7 36. g3 c5 37. Nd3 Qxa5 38. Nxc5 Qc3 39. h4 Nf7 40. Ne4 Qb3
41. Rxf7 Qc4 42. R7f4 b5 43. Nf6 Qc6 44. Ng4 a5 45. Rf6 Qc4 46. Ne5 Qc1 47. Nc6+
Kb6 48. Nd4+ Kb7 49. Nxb5 a4 50. Rf7 Kb6 51. Nxc7 a3 52. Nd5+ Kb5 53. R7f5 Kc4
54. Nb6+ Kb3 55. Rb5+ 1-0

[Event "World Rapid Team 2023"]
[Site "Dusseldorf GER"]
[Date "2023.08.27"]
[Round "6.9"]
[Board "1"]
[White "Harikrishna, Pentala"]
[Black "So, Wesley"]
[Result "1-0"]
[WhiteTitle "GM"]
[BlackTitle "GM"]
[WhiteElo "2711"]
[BlackElo "2769"]
[WhiteTeam "Team MGD1"]
[BlackTeam "WR Chess"]
[WhiteFideId "5007003"]
[BlackFideId "5202213"]
[EventDate "2023.08.26"]

1. Nf3 d5 2. g3 c5 3. Bg2 Nc6 4. d4 Nf6 5. O-O e6 6. c4 dxc4 7. dxc5 Qxd1 8.
Rxd1 Bxc5 9. Nbd2 c3 10. bxc3 O-O 11. Nb3 Be7 12. Nfd4 Nxd4 13. Rxd4 Nd5 14. c4
Nb6 15. c5 Nd5 16. Bb2 Bd7 17. Bxd5 exd5 18. Rxd5 Be6 19. Rd3 Rfd8 20. Nd4 Bc4
21. Rdd1 Bxc5 22. e3 Rac8 23. a4 f6 24. Ba3 b6 25. Bxc5 Rxc5 26. Rdc1 Rdc8 27.
Nb5 Bxb5 28. Rxc5 Rxc5 29. axb5 Rc7 30. Kg2 Kf7 31. Kf3 Ke6 32. Ke4 h5 33. h3
Re7 34. g4 Kd6+ 35. Kd4 hxg4 36. hxg4 g5 37. f4 gxf4 38. exf4 Rd7 39. Rc1 Ke6+
40. Ke4 Kf7 41. Rc6 Rd1 42. Rc7+ Kg6 43. f5+ Kg5 44. Rg7+ Kh4 45. Rg6 Rb1 46.
Kd5 Rxb5+ 47. Ke6 a5 48. Rxf6 a4 49. Rh6+ Kg5 50. Rh1 Rb3 51. Rf1 Re3+ 52. Kf7
b5 53. f6 b4 54. Kg7 a3 55. f7 Re7 56. Rf5+ Kh4 57. Ra5 Kxg4 58. Ra4 Kf5 59.
Rxb4 1-0

[Event "World Rapid Team 2023"]
[Site "Dusseldorf GER"]
[Date "2023.08.27"]
[Round "6.9"]
[Board "2"]
[White "Abdusattorov, Nodirbek"]
[Black "Nihal, Sarin"]
[Result "1-0"]
[WhiteTitle "GM"]
[BlackTitle "GM"]
[WhiteElo "2725"]
[BlackElo "2684"]
[WhiteTeam "WR Chess"]
[BlackTeam "Team MGD1"]
[WhiteFideId "14204118"]
[BlackFideId "25092340"]
[EventDate "2023.08.26"]

1. d4 Nf6 2. c4 e6 3. Nf3 d5 4. Nc3 c5 5. cxd5 cxd4 6. Nxd4 Nxd5 7. Bd2 Bb4 8.
g3 O-O 9. Bg2 Bxc3 10. bxc3 e5 11. Nb3 Nc6 12. c4 Nde7 13. O-O Be6 14. Nc5 Bxc4
15. Nxb7 Qc7 16. Rc1 Bd5 17. Bxd5 Nxd5 18. Na5 Nde7 19. Qa4 Rac8 20. Rxc6 Nxc6
21. Rc1 Qd6 22. Nxc6 Rxc6 23. Rxc6 Qxd2 24. Qc4 g6 25. Rc7 a5 26. Ra7 Qb4 27.
Qd5 Qe1+ 28. Kg2 Qxe2 29. Re7 a4 30. Rxe5 Qa6 31. Re7 h5 32. h4 Kg7 33. Qd4+ Kg8
34. Qd5 Kg7 35. Rc7 a3 36. Kg1 Qf6 37. Ra7 Rd8 38. Qb3 Re8 39. Qd1 Rd8 40. Qe2
Qa1+ 41. Kg2 Rd1 42. Qf3 Kh8 43. Rxf7 Rd8 44. Qe3 Kg8 45. Qe6 Kh8 46. Qxg6 Qh1+
47. Kxh1 Rd1+ 48. Kg2 Rg1+ 49. Kf3 Rxg3+ 50. Ke4 Rxg6 51. Ke3 Re6+ 52. Kf3 Rc6
53. Ra7 Rc4 54. Rxa3 Rxh4 55. Ra7 Rb4 56. a4 Rb3+ 57. Kg2 h4 58. Rf7 Kg8 59. Rf4
h3+ 60. Kh2 Kg7 61. f3 1-0

[Event "World Rapid Team 2023"]
[Site "Dusseldorf GER"]
[Date "2023.08.27"]
[Round "6.9"]
[Board "4"]
[White "Praggnanandhaa, R"]
[Black "Sadhwani, Raunak"]
[Result "1-0"]
[WhiteTitle "GM"]
[BlackTitle "GM"]
[WhiteElo "2707"]
[BlackElo "2624"]
[WhiteTeam "WR Chess"]
[BlackTeam "Team MGD1"]
[WhiteFideId "25059530"]
[BlackFideId "35093487"]
[EventDate "2023.08.26"]

1. e4 e5 2. Nf3 Nc6 3. Bc4 Nf6 4. d3 Bc5 5. a4 d6 6. O-O O-O 7. h3 h6 8. Be3
Bxe3 9. fxe3 Be6 10. Bxe6 fxe6 11. c3 a5 12. Nbd2 d5 13. Qb3 b6 14. Rae1 Qd6 15.
exd5 Qxd5 16. e4 Qxb3 17. Nxb3 Rad8 18. Re3 Nh5 19. Nbd2 Nf4 20. Ne1 Rd7 21. Kh2
Rfd8 22. Rff3 h5 23. g3 Ng6 24. Nc4 Nb8 25. Nc2 Na6 26. b4 axb4 27. cxb4 Rb8 28.
Re1 b5 29. axb5 Rxb5 30. Rb1 c6 31. h4 Rd8 32. Ra1 Nxb4 33. Nxb4 Rxb4 34. Ra7
Rf8 35. Rxf8+ Kxf8 36. Ra6 Rb3 37. Rxc6 Rxd3 38. Rxe6 Rd4 39. Nd6 Ne7 40. Kg2
Rd2+ 41. Kf3 Rd3+ 42. Kf2 g6 43. Nc4 Kf7 44. Nxe5+ Kxe6 45. Nxd3 Kf6 46. Nf4 g5
47. Nxh5+ Kg6 48. g4 gxh4 49. Nf4+ Kf6 50. Nd5+ Nxd5 51. exd5 1-0

[Event "World Rapid Team 2023"]
[Site "Dusseldorf GER"]
[Date "2023.08.27"]
[Round "6.9"]
[Board "5"]
[White "Dronavalli, Harika"]
[Black "Kosteniuk, Alexandra"]
[Result "1/2-1/2"]
[WhiteTitle "GM"]
[BlackTitle "GM"]
[WhiteElo "2500"]
[BlackElo "2532"]
[WhiteTeam "Team MGD1"]
[BlackTeam "WR Chess"]
[WhiteFideId "5015197"]
[BlackFideId "4128125"]
[EventDate "2023.08.26"]

1. Nf3 Nf6 2. g3 d5 3. Bg2 c5 4. O-O g6 5. c4 Bg7 6. cxd5 Nxd5 7. Nc3 O-O 8.
Nxd5 Qxd5 9. d3 Nc6 10. Be3 Bxb2 11. Rb1 Bg7 12. Nd4 Qxa2 13. Nxc6 bxc6 14. Bxc6
Bh3 15. Bxa8 Bxf1 16. Bf3 Bh3 17. Bxc5 Bf6 18. d4 Rd8 19. e3 e5 20. Ra1 Qb2 21.
Rb1 Qa2 22. Ra1 Qb2 23. Rb1 1/2-1/2

[Event "World Rapid Team 2023"]
[Site "Dusseldorf GER"]
[Date "2023.08.27"]
[Round "6.10"]
[Board "1"]
[White "Seel, Christian"]
[Black "Krastev, Alexander"]
[Result "0-1"]
[WhiteTitle "IM"]
[BlackTitle "IM"]
[WhiteElo "2477"]
[BlackElo "2411"]
[WhiteTeam "Aachener Schachverein von 1856"]
[BlackTeam "Schachverein Hemer"]
[WhiteFideId "4663098"]
[BlackFideId "12989983"]
[EventDate "2023.08.26"]

1. Nf3 g6 2. e4 Bg7 3. c4 c5 4. d4 Qa5+ 5. Bd2 Qb6 6. Nc3 cxd4 7. Nd5 Qd8 8. Bf4
d6 9. Nxd4 Nf6 10. Nxf6+ Bxf6 11. Be3 Nc6 12. Qd2 Nxd4 13. Bxd4 Bxd4 14. Qxd4
Qa5+ 15. Qd2 Qe5 16. Bd3 b6 17. O-O Bb7 18. Rfe1 g5 19. Rac1 h5 20. Qc3 f6 21.
b4 Qxc3 22. Rxc3 a5 23. a3 axb4 24. axb4 Kd7 25. c5 Rhc8 26. Bb5+ Kd8 27. c6 Ba6
28. Bxa6 Rxa6 29. b5 Ra5 30. Rb1 Kc7 31. Rh3 Rca8 32. f4 Ra1 33. Rxa1 Rxa1+ 34.
Kf2 Ra2+ 35. Kf1 Ra1+ 36. Kf2 Ra2+ 37. Kf1 Rb2 38. Rxh5 Rxb5 39. Rh7 gxf4 40.
Rxe7+ Kxc6 41. Re8 Re5 42. Rc8+ Kd7 43. Rc4 b5 44. Rd4 Kc6 45. Ke2 Kc5 46. Kd3
Rg5 47. Rd5+ Rxd5+ 48. exd5 Kxd5 49. Kc3 Ke4 50. Kb4 d5 51. h4 d4 0-1